000 00613nam a22002177a 4500
005 20251108173144.0
008 250721s2003 xx 000 0 eng d
082 1 4 _aWB/384.956060/ROS
100 1 _aRossotto, Carlo Maria
245 1 0 _aOpening up Telecommunications to Competition and MENA Integration in the World Economy /
264 1 _awashington :
_bWorld Bank,
_c2003.
300 _a28 P
650 1 7 _aTELECOMMUNICATIONS
650 1 7 _aECONOMIC
650 1 7 _aMIDDLE EAST
650 1 7 _aAFRICA
700 1 _aSekkat, Khalid
700 1 _aVaroudakis, Aristomene
942 _2ddc
_cBK
999 _c97325
_d97325